Problémy diagnostiky a liečby systémovej amyloidózy 1. časť

Bibliographic Details
Main Author: Sakalová, Adriena, 1930-2020 (Author)
Format: Article
Language:Slovak
PhysicalDescription:Obr. 2, sch. 1, tab. 3, res. angl., slov., lit. 19 zázn.
ISSN:0457-4214
Subjects:

MARC

LEADER 00000nab a2200000 a 4500
001 vtls000639269
003 SK-MaSNL
005 20260304100242.0
008 250425c1997 xo 0 slo
015 |a SNBRB19rr/mm-uuuuu 
035 |a CL0639408 
035 |a urn:nbn:sk:snk-ab6ltw 
035 |a (uuid)054fe102-a859-41ef-b8d5-666924b85f19 
035 |a (urnnbn)urn:nbn:sk:snk:ar-005grz 
035 |a (sysno)vtls000639269 
040 |a SNKBUCL  |b slo  |c SNKBUCL  |e AACR2 
041 0 |a slo 
044 |a xo  |c SK 
080 |a 616.15-006.6  |2 1981 
100 1 |a Sakalová, Adriena,  |d 1930-2020  |4 aut  |9 253028 
245 1 0 |a Problémy diagnostiky a liečby systémovej amyloidózy  |b 1. časť  |c Adriena Sakalová 
300 |b Obr. 2, sch. 1, tab. 3, res. angl., slov., lit. 19 zázn. 
650 0 7 |a systémová amyloidóza  |2 snkbucl  |9 1293451 
655 7 |a články z novín a časopisov  |2 snkbucl  |9 267496 
773 0 |t Lekársky obzor  |g Roč. 46, č. 9 (1997), s. 235-240  |x 0457-4214 
850 |a Slovenská národná knižnica 
852 |a Slovenská národná knižnica 
954 |a odborná, vedecká literatúra pôvodná (slovenská)  |2 lita 
958 |a article2022 
958 |a OND 
958 |a NB 
958 |a MI 
958 |a RK 
958 |a EUIPO 
992 |a RBX 
999 |c 2837076  |d 2839006